| 000 | 003360000a22001450004500 | ||
|---|---|---|---|
| 003 | MACL | ||
| 040 | _aMACL | ||
| 090 |
_c33122 _d33120 |
||
| 100 | _aMalhotra, Dr A M | ||
| 245 | _aSSC Combined Preliminary Metric Level Exam | ||
| 260 |
_bBright Careers Institute _c2002 |
||
| 350 | _a95 | ||
| 650 | _aEducation | ||
| 942 |
_cBOOK _k373/MAL |
||
| 999 |
_c32780 _d32780 |
||